QUEST Central Library Banner

Digital and Analog Systems, Circuits, and Devices: an introduction (Record no. 8779)

MARC details
000 -LEADER
fixed length control field 00640nam a2200217 a 4500
003 - CONTROL NUMBER IDENTIFIER
control field PK-NaQUE
005 - DATE AND TIME OF LATEST TRANSACTION
control field 20250808131309.0
008 - FIXED-LENGTH DATA ELEMENTS--GENERAL INFORMATION
fixed length control field 250808b ||||| |||| 00| 0 eng d
020 ## - INTERNATIONAL STANDARD BOOK NUMBER
International Standard Book Number 0070044201
020 ## - INTERNATIONAL STANDARD BOOK NUMBER
International Standard Book Number 9780070044203
040 ## - CATALOGING SOURCE
Transcribing agency QUEST
100 1# - MAIN ENTRY--PERSONAL NAME
Personal name Belove, Charles
245 10 - TITLE STATEMENT
Title Digital and Analog Systems, Circuits, and Devices: an introduction
260 ## - PUBLICATION, DISTRIBUTION, ETC. (IMPRINT)
Place of publication, distribution, etc [S.l.] :
Name of publisher, distributor, etc McGraw-Hill,
Date of publication, distribution, etc 1973.
300 ## - PHYSICAL DESCRIPTION
Extent 1 v. (unpaged)
650 ## - SUBJECT ADDED ENTRY--TOPICAL TERM
Topical term or geographic name as entry element Electrical engineering.
700 ## - ADDED ENTRY--PERSONAL NAME
Personal name Schachter, Harry
700 ## - ADDED ENTRY--PERSONAL NAME
Personal name Schilling, Donald L.
856 40 - ELECTRONIC LOCATION AND ACCESS
Uniform Resource Identifier <a href="http://10.10.170.122:8080/browse/book/26444">http://10.10.170.122:8080/browse/book/26444</a>
Link text Download eBook
942 ## - ADDED ENTRY ELEMENTS (KOHA)
Koha item type Books
Source of classification or shelving scheme Dewey Decimal Classification
Holdings
Withdrawn status Lost status Damaged status Not for loan Home library Current library Date acquired Total Checkouts Full call number Barcode Date last seen Price effective from Koha item type Cost, normal purchase price Shelving location
        Book Bank Section Book Bank Section 12/02/2020   621.3819596SCH B2104 20/04/2015 20/04/2015 Books 65.00  
        Book Bank Section Book Bank Section 12/02/2020   621.3819596SCH B2105 20/04/2015 20/04/2015 Books 65.00  
        Central Library, QUEST, Nawabshah Central Library, QUEST, Nawabshah 13/08/2014   621.3819596SCH 22549 13/08/2014 13/08/2014 Books    
        Reference Section Reference Section 29/01/2015   621.3819596BEL (Shelf - 43A) 6891 04/02/2025 04/02/2025 Books 111.30 Reference

Copyright © 2018,The QUEST, Nawabshah, Shaheed Benazirabad. All rights reserved
Mr. G. Farooq Channar (Librarian) QUEST, Nawabshah, Sindh, Pakistan 67480.
 Ph#: |   0244-9370381-4 Ext. 2308   Email| lib@quest.edu.pk   Web|  http://www.quest.edu.pk